Normal view
MARC view
- Syed Aziz Ur Rehman, Syed Muhammad Abu Ul Khair Kashfi. Dr
Entry Personal Name
001 - CONTROL NUMBER
- control field: 66190
003 - CONTROL NUMBER IDENTIFIER
- control field: NUST
005 - DATE AND TIME OF LATEST TRANSACTION
- control field: 20210628203541.0
008 - FIXED-LENGTH DATA ELEMENTS
- fixed length control field: 210628|| aca||aabn | a|a d
040 ## - CATALOGING SOURCE
- Original cataloging agency: NUST
- Transcribing agency: NUST
100 ## - HEADING--PERSONAL NAME
- Personal name: Syed Aziz Ur Rehman, Syed Muhammad Abu Ul Khair Kashfi. Dr
670 ## - SOURCE DATA FOUND
- Source citation: Work cat.: (NUST): Syed Aziz Ur Rehman, Syed Muhammad Abu Ul Khair Kashfi. Dr, Mukamee muhammad peace be opun him, quran hakeem key aynee may, 2005
